000 00624nam a2200217Ii 4500
003 JO-AjNU
008 230606s9999||||xx |||||||||||||| ||und||
020 _a0-15-541314-7
040 _aJO-AjNU
_beng
_erda
_cJO-AjNU
041 _aeng
050 1 4 _aHF5635 .W44 1992
100 3 _aWilliams, Jan R, Keith G. Stange, William W. Holder,
_eauthor
_96789
245 0 0 _aINTERMEDIATE ACCOUNTING
250 _a4th ed
264 3 1 _aNew york: Dryden press,1992
300 _a1324p
336 _atext
_btxt
_2rdacontent
337 _aunmediated
_bn
_2rdamedia
338 _avolume
_bnc
_2rdacarrier
650 4 _aAccounting
_96790
999 _aE3537
_c3519
_d3519